Strategic business management: study guide (Record no. 76837)

MARC details
000 -LEADER
fixed length control field 00991nam a2200181 a 4500
008 - FIXED-LENGTH DATA ELEMENTS--GENERAL INFORMATION
fixed length control field 150825s2005 ||||||||||||||||| || u
020 ## - INTERNATIONAL STANDARD BOOK NUMBER
International Standard Book Number 9781844790876
050 ## - LIBRARY OF CONGRESS CALL NUMBER
Classification number HD 30.28 Cha
110 ## - MAIN ENTRY--CORPORATE NAME
Corporate name or jurisdiction name as entry element The Chartered Institute of Public Finance and Accountancy
245 10 - TITLE STATEMENT
Title Strategic business management: study guide
Statement of responsibility, etc. by the Chartered Institute of Public Finance and Accountancy
260 ## - PUBLICATION, DISTRIBUTION, ETC.
Place of publication, distribution, etc. London
Name of publisher, distributor, etc. Pearson Education, Inc
Date of publication, distribution, etc. 2005
300 ## - PHYSICAL DESCRIPTION
Extent xv, 709p.
350 ## -
-- 1.55
650 ## - SUBJECT ADDED ENTRY--TOPICAL TERM
Topical term or geographic name entry element BUSINESS MANAGEMENT--STRATEGY
995 ## -
-- MAIN LIBRARY OPEN ACCESS
-- 745648
-- CBU-MAIN LIBRARY (Kitwe)
-- HD 30.28 Cha
-- 2
-- AVAILABLE
-- Sep 2, 2015
-- 745648
-- Main Library Open Access Collection
995 ## -
-- MAIN LIBRARY OPEN ACCESS
-- 745647
-- CBU-MAIN LIBRARY (Kitwe)
-- HD 30.28 Cha
-- 1
-- AVAILABLE
-- Sep 2, 2015
-- 745647
-- Main Library Open Access Collection
995 ## -
-- ANNEX COLLECTION (Main Library)
-- 745649
-- CBU-MAIN LIBRARY (Kitwe)
-- HD 30.28 Cha
-- 3
-- AVAILABLE
-- Sep 2, 2015
-- 745649
-- Annex Low-Usage Collection
999 ## -
-- 76837
-- 76837
Holdings
Withdrawn status Lost status Source of classification or shelving scheme Damaged status Not for loan Permanent Location Current Location Shelving location Date acquired Total Checkouts Full call number Barcode Date last seen Copy number Price effective from Koha item type
          CBU-MAIN LIBRARY, KITWE. CBU-MAIN LIBRARY, KITWE.   04/25/2023   HD 30.28 Cha 745648 04/25/2023 1 04/25/2023 MONOGRAPH
          CBU-MAIN LIBRARY, KITWE. CBU-MAIN LIBRARY, KITWE.   04/25/2023   HD 30.28 Cha 745647 04/25/2023 2 04/25/2023 MONOGRAPH
          CBU-MAIN LIBRARY, KITWE. CBU-MAIN LIBRARY, KITWE.   04/25/2023   HD 30.28 Cha 745649 04/25/2023 3 04/25/2023 MONOGRAPH